000 00707nam a2200205Ia 4500
005 20241216011338.0
008 190429s9999||||xx |||||||||||||| ||und||
082 _a610.73069
_bC28
100 _aCHAVEZ ARIAS, NELY / LEON BAUTISTA, EDITH SILVIA Y TRUJILLO BRAVO, ROSITA GLADYS
245 0 _aUSO PROPORCIONAL DE TIEMPO PROMEDIO DE LAS ACTIVIDADES DE ENFERMERIA EN LA ATENCION A PACIENTES ONCOLOGICOS I.N.E.N. - LIMA 1993
250 _a0
260 _aCERRO DE PASCO-PERU
_bUNDAC
_c1993
300 _a101 pag.
_c30 cm.
341 _h0
490 _v0
_a0
505 _aENFERMERIA-PACIENTES ONCOLOGICOS
541 _aD
_bCHAVEZ ARIAS, NELY
_d13-Jun-95
_oSoles
650 _aEnfermería
942 _cTESIS
999 _c39352
_d39352